Deväťdesiate roky priniesli Slovensku výrazné zmeny v migrácii obyvateľstva
Zmeny v imigrácii a emigrácii obyvateľov SR v 80. a 90. rokoch. Sťahovanie do zahraničia. Sťahovanie medzi SR a ČR. Vnútorné sťahovanie v SR. Vznik nových imigračných priestorov v 90. rokoch. Výrazné zníženie migrácie obyvateľov oproti 80. rokom. Nedostatok bytov.
Saved in:
| Main Author: | |
|---|---|
| Format: | Book Chapter |
| Language: | Slovak |
| Subjects: | |
| Tags: |
No Tags, Be the first to tag this record!
|
MARC
| LEADER | 00000naa a2200000 4500 | ||
|---|---|---|---|
| 001 | r019892 | ||
| 005 | 20230921074349.3 | ||
| 041 | 0 | |a slo | |
| 044 | |a SK | ||
| 245 | 1 | 0 | |a Deväťdesiate roky priniesli Slovensku výrazné zmeny v migrácii obyvateľstva |c D. Jurčová |
| 520 | |a Zmeny v imigrácii a emigrácii obyvateľov SR v 80. a 90. rokoch. Sťahovanie do zahraničia. Sťahovanie medzi SR a ČR. Vnútorné sťahovanie v SR. Vznik nových imigračných priestorov v 90. rokoch. Výrazné zníženie migrácie obyvateľov oproti 80. rokom. Nedostatok bytov. | ||
| 610 | 2 | 0 | |a Slovensko |
| 610 | 2 | 0 | |a Česko |
| 610 | 2 | 0 | |a 1980-1989 |
| 610 | 2 | 0 | |a 1990-1994 |
| 610 | 2 | 0 | |a pohyb obyvateľstva |
| 610 | 2 | 0 | |a okresy |
| 610 | 2 | 0 | |a údaje štatistické |
| 100 | 1 | |a Jurčová, Danuša | |